| 000 | 00664nam a22001577a 4500 | ||
|---|---|---|---|
| 003 | NUST | ||
| 020 | _a9789693537130 | ||
| 082 | _a339,SAL | ||
| 100 |
_aSalman, Aneel _9132347 |
||
| 245 |
_aEconomy: _bBackbone of National Security-Challenges and Way Forward / _cEdited by Aneel Salman, Steve Breyman & Rex Moser |
||
| 260 |
_aSang-e-Meel _bLahore _c2025 |
||
| 300 | _aviii, 336 p | ||
| 505 | _aSection-I Conceptual and Analytical Foundations of Economic Security (Page-3), Section-II Sectoral Pillars of Economic Security (Page-69), Section-III Economic Security Through Bilateral Engagements (Page-233). | ||
| 650 |
_aEconomy-Pakistan _9132348 |
||
| 942 |
_2ddc _cBK |
||
| 999 |
_c615558 _d615558 |
||